000 00417nam a2200169Ia 4500
003 GCL
008 140319s9999 xx 000 0 eng d
040 _aGCL /
_cGCL
082 0 4 _a912.5353
_bM S
100 1 _aMALT INTERNATIONAL
245 1 0 _aTHE SULTANATE OF OMAN /
_cMALT INTERNATIONAL
260 _a[S.N] :
_bMALT INTERNATIONAL
650 0 4 _aMAPS
650 0 4 _aOMAN - MAPS
650 0 4 _aOMAN
942 _2ddc
_cBK
999 _c14957
_d14957